| 000 | 00882nam a2200253 a 4500 | ||
|---|---|---|---|
| 001 | 000011115 | ||
| 005 | 20200929162350.0 | ||
| 008 | 091014s2003 dr 000 p spa d | ||
| 020 | _a1932271139 | ||
| 040 |
_aDO-SdBNP _bspa _cBNPHU |
||
| 082 |
_aPR861.44 _bR294p |
||
| 100 | 1 |
_aRecart Schroeder, Jonana _926623 |
|
| 245 | 1 | 3 |
_aLa pasión de lo absurdo / : _bJohanna Recart Schroeder ; prólogo Jan Martínez. |
| 260 |
_aSan Juan, Puerto Rico : Santo Domingo : _bIsla Negra, _c2003. |
||
| 300 |
_a63 p. : _bil. ; _c24 cm. |
||
| 490 | 1 | _aEspalda de papel | |
| 500 | _aIncluye datos biográficos de la autora en la solapa de la cubiertaa | ||
| 650 | 4 |
_aPoesía puertoriqueña _96539 |
|
| 650 | 4 |
_aLiteratura puertoriqueña _96540 |
|
| 700 | 1 | 2 |
_aMartínez, Jan _epról. _926624 |
| 830 | 0 |
_aEspalda de papel _926625 |
|
| 910 | _aValidado. Control de calidad MFF | ||
| 049 | _aBNPD | ||
| 999 |
_c10840 _d10840 |
||